| 000 | 01338cam a22003614a 4500 | ||
|---|---|---|---|
| 999 |
_c2793 _d2793 |
||
| 001 | 15745933 | ||
| 003 | OSt | ||
| 005 | 20201005135844.0 | ||
| 008 | 090502s2009 ii bs 001 0 eng | ||
| 010 | _a 2009311557 | ||
| 020 | _a9788184571486 | ||
| 025 | _aI-E-2009-311557; 92-14; 70-14 | ||
| 035 | _a(IN-NdUBS) 2009311557 | ||
| 037 |
_bLibrary of Congress -- New Delhi Overseas Office _cRs450.00 |
||
| 038 | _aShaban | ||
| 040 |
_aDLC _cDLC _dDLC |
||
| 042 | _alcode | ||
| 043 | _aa-ii--- | ||
| 050 | 0 | 0 |
_aP94.5.W652 _bI574 2009 |
| 082 |
_a302.2308 _bMUR |
||
| 100 | 1 |
_aMurthy, D. V. R., _d1962- _931278 |
|
| 245 | 1 | 0 |
_aWorking media women : _bprofile, work environment, and job satisfaction / _cD.V.R. Murthy, G. Anita. |
| 260 |
_aNew Delhi : _bKanishka Publishers, Distributors, _c2009. |
||
| 300 |
_a163 p. ; _c23 cm. |
||
| 500 | _aIncludes statistical tables. | ||
| 504 | _aIncludes bibliographical references (p. [150]-159) and index. | ||
| 520 | _aStudy with reference to three cities of Andhra Pradesh, India namely Hyderabad, Vijayawāda, and Vishakhapatnam. | ||
| 650 | 0 |
_aWomen in the mass media industry _zIndia _zAndhra Pradesh _vCase studies. _931281 |
|
| 700 | 1 |
_aAnita, G. _931280 |
|
| 906 |
_a7 _bcbc _corigode _d3 _encip _f20 _gy-gencatlg |
||
| 942 |
_2ddc _cBK |
||